Responses for show #3454 - Thursday, September 16, 1999

Contestants

John Hill, a farmer from Ashton, Illinois

Robin Black, a legal assistant from Washington, D.C.

Victor Aguilar, an electrical engineer originally from McAllen, Texas (whose 1-day cash winnings total $3,100)

Jeopardy! Round responses

JAZZ
TAKE A SEAT!
SCENIC ROUTES
THEY USED TO BE IN CHARGE
(Alex: We want the country as the correct response.)
POTPOURRI
"RO" IS ME
    $100 8
(R: Who is Lena Horne?)

Ella Fitzgerald

VictorRobin
    $100 2
Director's chair

John
    $100 6
Wyoming

Victor
    $100 16
Israel

John
    $100 22
London

John
    $100 1
Auguste Rodin

Robin
    $200 10
Charlie Parker

Victor
    $200 5
Deck chair

John
    $200 7
Hawaii

Robin
    $200 17
(R: What is Austria?)

West Germany

RobinJohn
    $200 25
Frank Oz

Victor
    $200 3
Charles Rolls

Victor
    $300 11
Louis Armstrong

John
    $300 15
King Tutankhamun

John
    $300 12
Alaska

Robin
    $300 18
Sweden

John
    $300 26
(less than a minute to go...)

Thomas Paine

John
    $300 4
Peter Roget

Robin
    $400 13
Down Beat

Triple Stumper
    $400 29
Pierre Auguste Renoir

Triple Stumper
    $400 23
(J: What is Tennessee?)

Virginia

RobinJohn
    $400 19
Australia

John
    $400 27
Legs

Robin
    $300 9
(V: No idea.)

Robespierre

Victor
    $500 14
Billie Holiday

Triple Stumper
    $500 30
Chippendale

John
    $500 24
South Dakota

John
    $500 20
Philippines

Triple Stumper
    $500 28
Mussels

Robin
    $500 21
Gioachino Rossini

Victor

Scores at the first commercial break (after clue 13):

Victor Robin John
$300 $800 $600

Scores at the end of the Jeopardy! Round:

Victor Robin John
$1,000 $1,900 $2,900

Double Jeopardy! Round responses

HOW OFTEN DOES IT HAPPEN?
U.S. FIRSTS
BIG SCREEN COWBOYS
NOTHING NEW HERE
(Alex: Here's a geography category..."New" will not come up in the correct response.)
FLOWER GIRLS
FROM Z TO A
(Alex: Each response will begin with the letter Z and end with the letter A.)
    $200 1
Every 2 weeks

Robin
    $200 11
Sea of Tranquility

Victor
    $200 17
No Name

John
    $200 18
York

Robin
    $200 5
Rose Kennedy

Victor
    $200 6
Zebra

Victor
    $400 2
Every 2 years

Victor
    $400 12
John Paul II

Victor
    $400 19
Gene Autry

Victor
    $400 20
Orleans

Robin
    $400 23
Jasmine Guy

Robin
    $400 7
Zinnia

Robin
    $600 3
(R: What is twice a month?)

Twice a day

Robin
Triple Stumper
    $600 13
Houston Astrodome

John
    $600 26
(buzzer sounds)

Marion Michael Morrison (John Wayne)

Triple Stumper
    $800 21
Jersey

Robin
    $600 24
Lillie Langtry

John
    $500 8
Zeta

Robin
    $800 4
(V: What is every 2 millenniums?)

Every 500 years/twice every 1000 years

VictorRobin
    $800 14
North Pole

John
    $800 22
(with less than a minute to go...)

Brunswick

Victor
    $800 9
Zambia

Triple Stumper
    $1000 16
(V: What is every 75 years?)

Every 150 years

VictorRobin
    $1000 15
(R: Who are Roy Rogers & Dale Evans?)

Alfred Lunt & Lynn Fontanne

Robin
Triple Stumper
    $1000 25
Guinea

Triple Stumper
    $1000 10
Zarathustra

Triple Stumper

Scores at the end of the Double Jeopardy! Round:

Victor Robin John
$1,800 $5,000 $5,100

[wagering suggestions for these scores]

Final Jeopardy! Round responses

ROCK MUSIC
VictorWhat is heavy metal?
$1,500
RobinWhat is hard rock?
$4,900
JohnWhat is heavy metal
$5,000
Heavy metal

Final scores:

Victor Robin John
$3,300 $100 $10,100
2nd place: Trip to Couples Resorts, Jamaica 3rd place: Meade ETS Telescope New champion: $10,100

Game dynamics:

Coryat scores:

Victor Robin John
$2,100 $4,900 $5,100
13 R,
3 W
(including 1 DD)
16 R
(including 2 DDs),
4 W
16 R,
1 W

Combined Coryat: $12,100

The J! Archive is created by fans, for fans. The Jeopardy! game show and all elements thereof, including but not limited to copyright and trademark thereto, are the property of Jeopardy Productions, Inc. and are protected under law. This website is not affiliated with, sponsored by, or operated by Jeopardy Productions, Inc. Join the discussion at JBoard.tv.